000 00929cab a2200241 4500
001 ABS46684
008 090401t1992 xxu||||| |||| 00| 0 eng d
035 _a(Sirsi) u59172
041 _aeng
100 _aPotts, K.
245 _aClaims management under the ICE 6th - a client`s perspective
260 _c1992
350 _a0
490 _aCivil Engineering Surveyor
_v17(6) July/August 1992, 18-19(2)
520 _aDiscusses the avoidance and management of claims under the ICE Conditions of Contract (6th edition) and compares this to the 5th edition. Lays out the action required by the parties following a notification of claim under clause 52(4).
650 _aCIVIL ENGINEERING CONTRACTS
650 _aCLAIMS MANAGEMENT
650 _aICE CONDITIONS OF CONTRACT (SIXTH EDITION)
650 _aNOTIFICATION OF CLAIM
690 _aBUILT ENVIRONMENT-BUILDING CONTRACT FORMS
942 _n0
948 _c04/03/1997
999 _c36265
_d36265